Comedy Movie Roles Quiz Stats

 Plays Quiz not verified by Sporcle

Score 0/20 Timer 07:00
0 Plays Today
% Correct
Jamie Foxx
92.5%
Kevin James
89.2%
Jim Carrey
87.8%
Whoopi Goldberg
85.2%
Eddie Murphy
85%
Adam Sandler
73.8%
Russell Brand
58.3%
Zach Galifianakis
50.4%
Woody Allen
50.1%
Chris Rock
49.4%
% Correct
Robin Williams
47.8%
Tim Allen
47.5%
Jerry Lewis
46.1%
Billy Crystal
38.6%
Steve Martin
36.1%
Billy Connolly
34%
Kevin Pollack
32.8%
Don Rickles
28.1%
Tom Arnold
26.5%
David Spade
26%

You're not logged in!

Compare scores with friends on all Sporcle quizzes.
OR
Log In

Sporcle TV

Today on Sporcle TV


Watch our educational content, quiz creation guides, and fun videos on Sporcle TV.

Show Comments

Extras

Top Quizzes Today


Score Distribution

Your Account Isn't Verified!

In order to create a playlist on Sporcle, you need to verify the email address you used during registration. Go to your Sporcle Settings to finish the process.

Report this User

Report this user for behavior that violates our Community Guidelines.

Details: